000 00922nam a2200265 a 4500
001 000011003
003 OSt
005 20240412074222.0
008 091013s1963 dr 000 p spa d
040 _aDO-SdBNP
_bspa
_cBNPHU
049 _aBNPD
082 7 4 _a861.44
_bS197s
_222
100 1 _aSanabia, Rafael Emilio
_926438
245 1 3 _aLa sonrisa de venus /
_cRafael Emilio Sanabia.
260 _aSanto Domingo :
_bImpresora Arte y Cine,
_c1963.
300 _a80 p. ;
_c24 cm.
505 0 _aContiene :
_tDel rosal de la vida --
_tLágrimas de la poesía --
563 _aDos obras encuadernadas juntas con paginación contínua.
650 0 _aPoesía dominicana
_966
650 0 _aLiteratura dominicana.
_967
700 1 2 _aSanabia, Rafael Emilio.
_tDel rosal de la vida
_926439
700 1 2 _aSanabia, Rafael Emilio.
_tLágrimas de la poesía
_926440
910 _aValidado. Control de calidad MFF
942 _2ddc
_cLBS1
999 _c10741
_d10741